00984nam a22002297a 4500003000900000005001700009040002800026041000800054044000700062110008100069245007900150260004800229300004100277505002300318505008400341505007300425505008700498505008500585505003400670505001600704651003400720AR-RoUNA20260408062851.0 aAR-RoUNAbspadAR-RoUNA aspa aag aMunicipalidad de Rosario.bSecretaria General de la Muncipalidad de Rosario.10aDocumento base para la descentralización de la Municipalidad de Rosario. aRosario (Santa Fe, Argentina) :bMR,c199?. a30 p.bfot. col.bDiagrs.c27x27 cm.0 tI. INTRODUCCION 0 tII. LA DESCENTRALIZACION COMO PROCESOS DE CAMBIO Y MEJORA DE LA GESTION PUBLICA0 tIII. LOS FUNDAMENTOS DE LA DESCENTRALIZACION EN LA CIUDAD DE ROSARIO0 tIV. LOS OBEJTIVOS DEL PROGRAMA DE DESCENTRALIZACION DE LA MUNICIPALIDAD DE ROSARIO0 tV. ACCIONES PREVISTAS PARA LA PUESTA EN MARCHA DEL PROGRAMA DE DESCENTRALIZACION0 tVI. CRONOGRAMA DE ACCIONES 0 tVII. ANEXOS 0aRosario (Santa Fe, Argentina)